=LDR 00000nam 2200000 4500 =001 INLIS000000000009504 =005 20200806100404 =035 ##$$a 0010-061300000009504 =008 200806################g##########0#ind## =041 ##$$a Ind =082 ##$$a 294.5 =090 ##$$a 294.5, Sud-s =100 ##$$a Sudharta, Tjak Rai =245 1#$$a Sarasamuschaya : $b (Bahasa Indonesia) /$c Tjok Rai Sudharta =260 ##$$a Denpasar,$c 1993 =300 ##$$a vii, 157 hlm ; $c 12,5 x 19,5 cm =650 #4$$a Hinduisme =850 ##$$a NBPNMAT =084 ##$$a 294.5 SUD s =250 ##$$a Cet. 1 =990 ##$$a DW00024076 =990 ##$$a DW00024077 =990 ##$$a DW00024078 =990 ##$$a DW00024079 =990 ##$$a 80. 651/Pro- 95 =990 ##$$a DW00024076 =990 ##$$a DW00024078 =990 ##$$a DW00024079 =990 ##$$a DW00024079 =990 ##$$a DW00024076 =990 ##$$a 80. 651/Pro- 95 =990 ##$$a DW00024078 =990 ##$$a DW00024078 =990 ##$$a DW00024076 =990 ##$$a 80. 651/Pro- 95 =990 ##$$a DW00024079 =990 ##$$a 80. 652/Pro- 95 =990 ##$$a 80. 651/Pro- 95 =990 ##$$a DW00024078 =990 ##$$a DW00024079